A téma tovább írja magát
Elmentve itt :
| Szerző: | |
|---|---|
| Adatforrás: | Meister |
| Forrásdokumentuma: | A Hét. - 51 sz., 1990, 3 p. |
| Nyelv: | magyar |
| Kulcsszavak: | vallástörténet kisebbségtörténet művelődéstörténet székelyek székely szombatosok szombatosok (székely) Erdély VEHE-GLIRIUS Mathias EÖSSI András DÁN Róbert |
| LEADER | 00620nab a2200229 i 4500 | ||
|---|---|---|---|
| 001 | bibPRO00004855 | ||
| 008 | 060524s1990 xx hun | ||
| 040 | |a Sz1 | ||
| 041 | |a hun | ||
| 100 | 1 | |a KOVÁCS András | |
| 245 | 1 | 2 | |a A téma tovább írja magát |c KOVÁCS András |
| 695 | |a vallástörténet | ||
| 695 | |a kisebbségtörténet | ||
| 695 | |a művelődéstörténet | ||
| 695 | |a székelyek | ||
| 695 | |a székely szombatosok | ||
| 695 | |a szombatosok (székely) | ||
| 695 | |a Erdély | ||
| 695 | |a VEHE-GLIRIUS Mathias | ||
| 695 | |a EÖSSI András | ||
| 695 | |a DÁN Róbert | ||
| 773 | 0 | |t A Hét. - |g 51 sz., 1990, 3 p. | |